MARC

LEADER 00000nam0a2200000 4500
001 311066
005 20231102002341.0
020 |a RU  |b 82-23414 
035 |a (RuTPU)RU\TPU\book\336421 
090 |a 311066 
100 |a 20151202d1981 km y0rusy5003 ca 
101 0 |a rus 
102 |a RU 
105 |a a z 001zy 
200 1 |a Стекло в архитектуре  |f С. П. Соловьев, Ю. М. Динеева 
210 |a Москва  |c Стройиздат  |d 1981 
215 |a 191 с.  |c ил. 
225 1 |a Материал в архитектуре 
320 |a Библиогр.: с. 189-190 
606 1 |a Стекло в архитектуре  |2 stltpush  |3 (RuTPU)RU\TPU\subj\56873  |9 74756 
610 1 |a стеклянные изделия строительные 
610 1 |a свойства 
610 1 |a применение 
610 1 |a стандартизация 
610 1 |a контроль качества 
610 1 |a архитектурное творчество 
610 1 |a прозрачные ограждения 
675 |a 72.02  |z rus  |v 3 
700 1 |a Соловьев  |b С. П.  |g Сергей Павлович  |4 070 
701 1 |a Динеева  |b Ю. М.  |g Юлия Михайловна  |4 070 
801 0 |a RU  |b RuMRKP  |c 19950704  |g psbo 
801 1 |a RU  |b 63413507  |c 20151202 
801 2 |a RU  |b 63413507  |c 20190924  |g RCR 
942 |c BK